Pace Of Life: (Record no. 189769)

MARC details
000 -LEADER
fixed length control field 00556nam a2200181 4500
005 - DATE AND TIME OF LATEST TRANSACTION
control field 20220712151435.0
010 ## - LCCN (DPL NO)
LC control number ENG-133484
020 ## - INTERNATIONAL STANDARD BOOK NUMBER
International Standard Book Number 9788192449982
Terms of availability 500.00
035 ## - SYSTEM CONTROL NUMBER
System control number EN-117016
037 ## - SOURCE OF ACQUISITION
Source of stock number/acquisition DBAD/PUB
082 ## - DEWEY DECIMAL CLASSIFICATION NUMBER
Classification number 300
100 ## - MAIN ENTRY--PERSONAL NAME
Personal name Shankar, Gauri
245 ## - TITLE STATEMENT
Title Pace Of Life:
Remainder of title Statistical Analysis of Death-Schedule Of Life/
Statement of responsibility, etc Gauri Shankar
260 ## - PUBLICATION, DISTRIBUTION, ETC. (IMPRINT)
Place of publication, distribution, etc Raipur
Name of publisher, distributor, etc Vaibhav Prakashan
Date of publication, distribution, etc 2015
270 ## - ADDRESS
Address Aminpara Chowk, Purani Basti
City Raipur
Postal code 492001
300 ## - PHYSICAL DESCRIPTION
Extent vii, 210p.
Other physical details Index
Dimensions 21cm(pbk)
942 ## - ADDED ENTRY ELEMENTS (KOHA)
Source of classification or shelving scheme Dewey Decimal Classification
Item type English Books
Classification part 300
Call number suffix SHA
Holdings
Withdrawn status Lost status Not for loan Collection code Home library Current library Date acquired Source of acquisition Cost, normal purchase price Full call number Barcode Copy number Cost, replacement price Koha item type
      Non-fiction Sarojini Nagar Sarojini Nagar 12/07/2022 DBAD/PUB 500.00 300 SHA EN-117016 1 500.00 English Books

© Delhi Public Library
Hit Counter
free hit counter